Statistics for Croatian Quiz

Click here to take the quiz!

General Stats

  • This quiz has been taken 269 times
  • The average score is 7 of 10

Answer Stats

QuestionAnswer% Correct
What is the capital of Croatia?Zagreb
100%
How is called Croatian sea?Adriatic Sea
98%
How is called Croatian bread of dog?dalmatian
96%
What city has got damaged the most from the Independence War?Vukovar
92%
Who is the president of Croatia?Kolinda Grabar Kitarović
82%
What is the name of the first king of Croatia?Tomislav
80%
How is called nazi Croat?ustasha
74%
What is the biggest island of Croatia?Cres
46%
In how many country was Croatia before the Independence?7
23%
How is called the most populated region of Croatia?Turopolje
3%

Score Distribution

Percentile by Number Answered

Percent of People with Each Score

Your Score History

You have not taken this quiz